01841 a2200217 45000010006000000050017000060080041000230030015000640400040000790800058001192450094001770200018002712640034002893000019003235051087003429420007014295900036014361000024014729990015014969520112015115677920260407155831.0260407a2004 arg spa dAR-UNSa-BCEJYS aAR-UNSa-BCEJYSbspacAR-UNSa-BCEJYS a330.567.28xEconomía y Finanzas de los particulares10aGuía para InvertirpEn qué invierten los ricos ¡ a diferencia de las media y pobre ! a987-04-0005-1 1aBuenos Aires :bAguilarc2004 a613 p.c24 cm. a1. ¿En qué debo invertir? – 2. Forjando los cimientos de la riqueza – 3. La elección – 4. ¿Qué clase de mundo ve usted? – 5. ¿Por qué es desconcertante invertir? – 6.La inversión es un plan – 7. ¿Está planificado para ser rico? – 8. Volverse rico es un proceso – 9. ¿Cómo puede encontrar el plan correcto para usted? – 10. Decida ahora que quiere ser cuando crezca – 11. Cada plan tiene un precio – 12. Porque invertir no es un riesgo – 13. ¿De qué lado de la mesa quiere sentarse? – 14. Las reglas básicas de la inversión – 15.Disminuya el riesgo por medio de la educación financiera – 16. La educación financiera me hizo ser sencillo – 17. La magia de los errores – 18. ¿Cuál es el precio de volverse rico? – 19. El acertijo 90-10 – 20. Resolver el acertijo 90-10 – 21. Las categorías de los inversionistas de mi padre rico – 22. El inversionista acelerado – 23. El inversionista calificado – 24. El inversionista sofisticado – 25. El inversionista interno – 26. El inversionista consumado  cBK aniveau_biblio:m niveau_hierar:01 aKiyosaki, Robert T. c6043d6043 00104070aBCEJYSbBCEJYSc16d2026-04-07l0o330.567.28 K46gpL116824r2026-04-07 15:58:31w2026-04-07yL